Developments in national farm business data sources: implications and opportunities (Record no. 76969)

MARC details
000 -LEADER
fixed length control field 01033cab a2200205 4500
001 - CONTROL NUMBER
control field ##L133383
008 - FIXED-LENGTH DATA ELEMENTS--GENERAL INFORMATION
fixed length control field 060505n2006 000 0 eng u
035 ## - SYSTEM CONTROL NUMBER
System control number (Sirsi) u133383
041 0# - LANGUAGE CODE
Language code of text/sound track or separate title eng
100 1# - MAIN ENTRY--PERSONAL NAME
Personal name Wilson, Paul
245 00 - TITLE STATEMENT
Title Developments in national farm business data sources: implications and opportunities
260 ## - PUBLICATION, DISTRIBUTION, ETC.
Date of publication, distribution, etc. 2006
490 #0 - SERIES STATEMENT
Series statement Journal of Farm Management
Volume/sequential designation 12(8) 2006, 464-476(13)
520 ## - SUMMARY, ETC.
Summary, etc. The Farm Business Survey (FBS) meets the UK's obligations to the Farm Accountancy Data Network and together with the Special Studies in Agricultural Economics provides feedback to the farm business community, informs policy making and provides data for use in research. Explores developments in the FBS and highlights new possibilities in utilisation and availability of farm business data. References.
650 24 - SUBJECT ADDED ENTRY--TOPICAL TERM
Topical term or geographic name entry element FARM BUSINESS SURVEY
690 ## - LOCAL SUBJECT ADDED ENTRY--TOPICAL TERM (OCLC, RLIN)
Topical term or geographic name as entry element PROPERTY-RURAL AND NATURAL ASSETS-AGRICULTURAL PROPERTY-AGRICULTURAL FACILITIES
700 1# - ADDED ENTRY--PERSONAL NAME
Personal name Seabrook, Martin
700 1# - ADDED ENTRY--PERSONAL NAME
Personal name Price, Roger
942 ## - ADDED ENTRY ELEMENTS (KOHA)
Suppress in OPAC 0
Holdings
Withdrawn status Lost status Source of classification or shelving scheme Damaged status Not for loan Home library Current library Shelving location Date acquired Total Checkouts Full call number Barcode Date last seen Copy number Price effective from Koha item type
    Dewey Decimal Classification     London London Journal article 05/05/2006   L133383 133383-1001 06/08/2019 1 06/08/2019 Journal article